Polskie kluby na mapie - Statystyki

Ogólne statystyki
  • Ten quiz został rozwiązany 333 razy
  • Średni wynik to 55 z 126
Odpowiedzi na mapie
Odpowiedzi zakodowano w zielono-czerwonej skali na mapie do tego quizu, zgodnie z poniższymi procentami.
 
Statystyki odpowiedzi
Klub % Poprawnych
Lechia Gdańsk
89%
Arka Gdynia
87%
Lech Poznań
87%
Legia Warszawa
87%
Jagiellonia Białystok
83%
Pogoń Szczecin
83%
Wisła Kraków
81%
ŁKS Łódź
79%
Motor Lublin
79%
Polonia Warszawa
79%
Widzew Łódź
79%
GKS Katowice
78%
Górnik Zabrze
77%
Korona Kielce
77%
Śląsk Wrocław
77%
Cracovia Kraków
76%
Raków Częstochowa
74%
Wisła Płock
74%
Odra Opole
73%
Radomiak Radom
72%
Piast Gliwice
71%
Warta Poznań
71%
Zagłębie Lubin
71%
Ruch Chorzów
70%
Stal Rzeszów
69%
Zawisza Bydgoszcz
68%
Stal Mielec
67%
Elana Toruń
65%
Miedź Legnica
65%
Resovia Rzeszów
65%
Stomil Olsztyn
65%
Puszcza Niepołomice
64%
Wieczysta Kraków
64%
GKS Tychy
63%
Kotwica Kołobrzeg
63%
Zagłębie Sosnowiec
62%
Górnik Łęczna
61%
Hutnik Kraków
61%
Polonia Bytom
61%
Znicz Pruszków
60%
Olimpia Elbląg
59%
Pogoń Siedlce
59%
Wigry Suwałki
58%
Podbeskidzie Bielsko-Biała
57%
Chrobry Głogów
55%
KKS Kalisz
55%
Stal Stalowa Wola
55%
Bruk-Bet Termalica Nieciecza
53%
Sandecja Nowy Sącz
53%
Olimpia Grudziądz
51%
GKS Bełchatów
50%
Skra Częstochowa
49%
KSZO Ostrowiec Świętokrzyski
48%
Flota Świnoujście
47%
Lechia Zielona Góra
47%
ŁKS Łomża
47%
Pogoń Grodzisk Mazowiecki
46%
Avia Świdnik
44%
Siarka Tarnobrzeg
44%
Świt Szczecin
44%
Chojniczanka Chojnice
43%
Broń Radom
42%
Lech II Poznań
41%
Wisła Puławy
41%
Jagiellonia II Białystok
40%
Legia II Warszawa
40%
Gryf Słupsk
39%
Rekord Bielsko-Biała
39%
Śląsk II Wrocław
39%
Unia Skierniewice
39%
Unia Tarnów
39%
Podhale Nowy Targ
38%
Korona II Kielce
37%
ŁKS II Łódź
37%
Chełmianka Chełm
35%
GKS Jastrzębie-Zdrój
35%
Wisła II Kraków
34%
Błękitni Stargard
33%
Pogoń II Szczecin
33%
Wisłoka Dębica
32%
Wisła II Płock
31%
Zagłębie II Lubin
31%
Górnik Polkowice
29%
Ślęza Wrocław
29%
MKS Kluczbork
27%
Górnik II Zabrze
26%
KS Stilon Gorzów Wielkopolski
26%
Star Starachowice
26%
Miedź II Legnica
24%
Gedania Gdańsk
23%
Karkonosze Jelenia Góra
22%
Pelikan Łowicz
22%
Świt Nowy Dwór Mazowiecki
22%
Lechia Tomaszów Mazowiecki
21%
Podlasie Biała Podlaska
21%
Mławianka Mława
19%
Polonia Środa Wielkopolska
19%
Sokół Kleczew
19%
Vineta Wolin
19%
Warta Sieradz
19%
Carina Gubin
17%
Warta Gorzów Wielkopolski
17%
Czarni Połaniec
16%
GKS Wikielec
16%
Unia Swarzędz
16%
Stal Brzeg
15%
LKS Goczałkowice-Zdrój
14%
Polonia Lidzbark Warmiński
14%
Polonia Słubice
13%
Victoria Sulejówek
13%
Cartusia Kartuzy
12%
Sokół Aleksandrów Łódzki
12%
Świdniczanka Świdnik
12%
Lewart Lubartów
11%
Pogoń-Sokół Lubaczów
11%
Wda Świecie
11%
Podlesianka Katowice
10%
Wybrzeże Rewalskie Rewal
10%
Kotwica Kórnik
9%
Odra Bytom Odrzański
9%
Pogoń Nowe Skalmierzyce
9%
Unia Turza Śląska
9%
Wiślanie Skawina
9%
Noteć Czarnków
8%
KS Wiązownica
7%
Pniówek Pawłowice
7%
Nie znaleziono quizów pasujących do podanych kryteriów
Rozkład punktacji
Procent ludzi z każdym wynikiem
Percentyl według liczby udzielonych odpowiedzi
Twoja historia wyników
Nie rozwiązałeś tego quizu